| 000 | 01450pam a2200373 a 4500 | ||
|---|---|---|---|
| 999 |
_c10440 _d10440 |
||
| 001 | 725749 | ||
| 003 | GBCCL | ||
| 005 | 20241126110732.0 | ||
| 008 | 980403s1998 waub c b 000 0beng | ||
| 010 | _a 98019368 | ||
| 020 | _a1576580199 | ||
| 040 |
_aDLC _cDLC _dDLC |
||
| 042 | _alcac | ||
| 043 |
_aa-cc--- _ae-uk-en |
||
| 050 | 0 | 0 |
_aBV3427.A9 _bB46 1998 |
| 082 | 0 | 0 |
_a266.0092 _aB _221 _bBEN |
| 100 | 1 |
_aBenge, Janet, _d1958- _917368 |
|
| 245 | 1 | 0 |
_aGladys Aylward : _bthe adventure of a lifetime / _cJanet and Geoff Benge. |
| 260 |
_aSeattle, WA : _bYWAM Pub., _cc1998. |
||
| 300 |
_a205 p. : _b1 map ; _c21 cm. |
||
| 440 | 0 |
_aChristian heroes, then & now _917374 |
|
| 504 | _aIncludes bibliographical references (p. 205). | ||
| 520 | _aRecounts the life story of the Englishwoman who financed her own overland trip to China to become a missionary. | ||
| 600 | 1 | 0 |
_aAylward, Gladys _vJuvenile literature. _918155 |
| 600 | 1 | 1 |
_aAylward, Gladys. _918156 |
| 650 | 0 |
_aMissionaries _zChina _vBiography _vJuvenile literature. _917371 |
|
| 650 | 0 |
_aMissionaries _zEngland _vBiography _vJuvenile literature. _917372 |
|
| 650 | 1 |
_aMissionaries. _93863 |
|
| 650 | 1 |
_aWomen _vBiography. _918142 |
|
| 700 | 1 |
_aBenge, Geoff, _d1954- _917373 |
|
| 906 |
_a7 _bcbc _corignew _d1 _eocip _f19 _gy-gencatlg |
||
| 942 |
_2ddc _cBK _03 |
||